| 000 | 00882cab a2200265 4500 | ||
|---|---|---|---|
| 001 | WB3202-29 | ||
| 008 | 090401t xxu||||| |||| 00| 0 eng d | ||
| 035 | _a(Sirsi) u60571 | ||
| 041 | _aeng | ||
| 245 | _aRICS announces litigation settlement | ||
| 260 | _c54(3) 18 January 1996(2) | ||
| 350 | _a0 | ||
| 490 |
_aRICS Press Release _v(PR176.corp) 11 January 1996, 9 |
||
| 490 |
_aProperty Week _v54(3) 18 January 1996(2) |
||
| 520 | _aThe RICS and the insurance brokers RICS Insurance Services Ltd, Bain Hogg Ltd and C T Bowring and Co Ltd have resolved their dispute. | ||
| 650 | _aINSURANCE BROKERS | ||
| 650 | _aLITIGATION | ||
| 650 | _aPROFESSIONAL INDEMNITY INSURANCE | ||
| 650 | _aRICS INSURANCE SERVICES | ||
| 650 | _aRICSIS | ||
| 690 |
_aINSURANCE _96249 |
||
| 690 | _aMANAGEMENT-BUSINESS MANAGEMENT-PROFESSIONAL PRACTICE | ||
| 942 | _n0 | ||
| 948 | _c04/03/1997 | ||
| 999 |
_c37387 _d37387 |
||